Vista normal
Vista MARC
Entrada Personal Name
Número de registros utilizados en: 1
001 - CONTROL NUMBER
- control field: 2419
003 - CONTROL NUMBER IDENTIFIER
- control field: OSt
005 - DATE AND TIME OF LATEST TRANSACTION
- control field: 20130612163806.0
008 - FIXED-LENGTH DATA ELEMENTS
- fixed length control field: 130612|||a|||||| | ||| d
040 ## - CATALOGING SOURCE
- Original cataloging agency: OSt
- Transcribing agency: OSt
100 ## - HEADING--PERSONAL NAME
- Personal name: McDonald, Michael
670 ## - SOURCE DATA FOUND
- Source citation: Work cat.: (OSt): Rodriguez, Roberto ed. 2416, Telecomunicaciones en Salud y Atencion de Salud para America Latina y el caribe, 1997